000 02240nam a22002417a 4500
999 _c62175
_d62175
003 Ge_BSU
005 20240726173535.0
008 240726s2021 ge ||||| |||| 00| 0 geo d
020 _a9789941974342
041 _ageo
080 _a\94(395)(031) ა-69
245 _aანტიკური კავკასია = Caucasus Antiquus : ენციკლოპედია.
_bტომი IV, 2, ს-ჰ /
_cრედაქტორები: რისმაგ გორდეზიანი, მაია დანელია, გიორგი უგულავა ; ყდის დიზაინი ნიკა მაჩაიძე.
264 _aთბილისი :
_bლოგოსი,
_c2021.
300 _a238 გვ.:
_b29 სმ.
440 _aპროგრამა "ლოგოსი" : პუბლიკაციები და ღონისძიებები კლასიკური ფილოლოგიის, ბიზანტინისტიკისა და ნეოგრეცისტიკის სფეროში
_93642
500 _aგამოცემა დააფინანსა საქართველოს საპატრიარქოს ქართველოლოგიური კვლევის ცენტრმა.
504 _aბიბლიოგრაფია: გვ. 7-9.
653 _aძველი აღმოსავლეთის წყაროთმცოდნეობა -- ენციკლოპედიები. ბიზანტიური წყაროთმცოდნეობა -- ენციკლოპედიები.
700 _a გორდეზიანი, რისმაგ
_eრედაქტორი
_922980
700 _a დანელია, მაია
_eრედაქტორი და სხვ.
_922981
710 _a ივანე ჯავახიშვილის სახ. თბილისის სახელმწ. უნ-ტი, კლასიკური ფილოლოგიის, ბიზანტინისტიკისა და ნეოგრეცისტიკის ინ-ტი
_922982
942 _2udc
_cᲬᲘᲒᲜᲘ